Word Ladder: Top Boys Names Quiz Stats

 Plays Quiz Updated Oct 19, 2016

Challenge
Share
Tweet
Embed
Score 0/28 Timer 03:00
0 Plays Today
Hint Answer % Correct
★The fourth Gospel of the New Testament is named for him.★JOHN
94.7%
The first name of actress Cusack and comedian Rivers.JOAN
94%
★This Connery portrayed James Bond.★SEAN
93.3%
★This Skywalker is Princess Leia's brother.★LUKE
91.1%
To fail to win.LOSE
89.6%
To be fond of.LIKE
88.2%
Tiny insects that can live on the scalp.LICE
88.1%
This type of 'box' produces music when coins are inserted.JUKE
87.4%
Funny anecdote or remark intended to provoke laughter.JOKE
86.5%
A canned meat made largely from pork.SPAM
86%
★This Neeson starred in 'Schindler's List' and 'Love Actually.'★LIAM
84.8%
★He hides in his box until a child turns the crank.★JACK
84.4%
To pass the tongue along.LICK
83.6%
Stereotypical term for an athlete, or a type of underwear.JOCK
82.3%
Hint Answer % Correct
To be missing or deficient of something.LACK
81.8%
★This MLB player Canseco admitted to using anabolic steroids in 2005.★JOSÉ
81.1%
An adult male chicken; a rooster.COCK
80.9%
In the X-Men franchise, this Grey has telekinetic and telepathic powers.JEAN
80%
The extent or measure of space between two points or extremities.SPAN
78.5%
The name of Thailand before June 24, 1939.SIAM
78%
Material used for bottle stoppers, or a deciduous tree.CORK
77.9%
The tough central part of various fruits that contains the seeds.CORE
73.9%
★The first name of Eva Perón's husband, former president of Argentina.★JUAN
69.2%
A person with authority, control, or power over others, or a term for 'God.'LORD
64.1%
Knowledge gained through tradition or anecdote.LORE
62.6%
A weight or mass that is supported or carried.LOAD
60.2%
Soil composed of sand, silt, and clay.LOAM
57.9%
★The first name of child actor Sprouse, who often co-stars with his identical twin brother Dylan.★COLE
38.6%

You're not logged in!

Compare scores with friends on all Sporcle quizzes.
OR
Log In

You Might Also Like...

Show Comments

Extras

Top Quizzes Today


Score Distribution

Your Account Isn't Verified!

In order to create a playlist on Sporcle, you need to verify the email address you used during registration. Go to your Sporcle Settings to finish the process.

Report this User

Report this user for behavior that violates our Community Guidelines.

Details: